[Event "Crawley e2e4 Gatwick op U1650"]
[Site "Crawley"]
[Date "2016.05.30"]
[Round "7"]
[White "Upton, We Bill"]
[Black "Gomes, Savio Sebastian"]
[Result "1-0"]
[WhiteElo "1549"]
[BlackElo "1285"]
[PlyCount "35"]
[EventDate "2016.05.27"]
[EventType "swiss"]
[EventRounds "7"]
[EventCountry "ENG"]
[SourceTitle "EXT 2019"]
[Source "ChessBase"]
[SourceDate "2018.10.10"]
[SourceVersion "1"]
[SourceVersionDate "2018.10.10"]
[SourceQuality "1"]

1. e4 c6 2. d4 d5 3. e5 e6 4. f4 c5 5. c3 cxd4 6. cxd4 Bb4+ 7. Nc3 Nh6 8. Bd3 Bxc3+ 9. bxc3 a6 10. Nf3 Nc6 11. 0-0 Nf5 12. Ng5 g6 13. g4 Ng7 14. Kh1 h6 15. Nf3 Bd7 16. Ba3 f6 17. Bd6 fxe5 18. Bxg6# 1-0

[Event "Crawley e2e4 Gatwick op U1650"]
[Site "Crawley"]
[Date "2016.05.29"]
[Round "5"]
[White "El Bachir, Eb Yacine"]
[Black "Upton, We Bill"]
[Result "0-1"]
[WhiteElo "1097"]
[BlackElo "1549"]
[PlyCount "110"]
[EventDate "2016.05.27"]
[EventType "swiss"]
[EventRounds "7"]
[EventCountry "ENG"]
[SourceTitle "EXT 2019"]
[Source "ChessBase"]
[SourceDate "2018.10.10"]
[SourceVersion "1"]
[SourceVersionDate "2018.10.10"]
[SourceQuality "1"]

1. e4 c5 2. Nf3 Nc6 3. Bc4 e6 4. Nc3 d6 5. d3 Nf6 6. Bf4 Be7 7. 0-0 0-0 8. Bb3 Na5 9. Ba4 a6 10. d4 b5 11. Bb3 Nxb3 12. axb3 cxd4 13. Nxd4 e5 14. Nc6 Qd7 15. Nxe7+ Qxe7 16. Bg5 Bb7 17. Qf3 h6 18. Bh4 g5 19. Bg3 b4 20. Nd5 Nxd5 21. exd5 f5 22. Qh5 Qg7 23. Rad1 f4 24. c4 bxc3 25. bxc3 fxg3 26. fxg3 Rxf1+ 27. Kxf1 Qf7+ 28. Qxf7+ Kxf7 29. c4 a5 30. Kg1 a4 31. Rf1+ Kg6 32. bxa4 Rxa4 33. Rc1 Ba6 34. c5 dxc5 35. Rxc5 Bb7 36. d6 Rd4 37. Rc7 Rd1+ 38. Kf2 Be4 39. d7 Bf5 40. Rc6+ Kg7 41. h4 Bxd7 42. Rc7 Kf6 43. Kf3 g4+ 44. Ke4 Bf5+ 45. Ke3 Rd3+ 46. Kf2 e4 47. Rh7 Bxh7 48. h5 Ke5 49. Kg1 e3 50. Kh2 e2 51. Kh1 Rxg3 52. Kh2 Rxg2+ 53. Kxg2 e1Q 54. Kh2 Qf2+ 55. Kh1 Be4# 0-1

[Event "London Classic CSC U120 op 7th"]
[Site "London"]
[Date "2015.12.06"]
[Round "4"]
[White "Kirkland, Arnold G"]
[Black "Upton, We Bill"]
[Result "1-0"]
[WhiteElo "118"]
[BlackElo "1503"]
[PlyCount "81"]
[EventDate "2015.12.04"]
[EventType "swiss"]
[EventRounds "5"]
[EventCountry "ENG"]
[SourceTitle "CBM 169 Extra"]
[Source "ChessBase"]
[SourceDate "2015.12.18"]
[SourceVersion "1"]
[SourceVersionDate "2015.12.18"]
[SourceQuality "1"]

1. e4 c5 2. d3 e6 3. f4 g6 4. Nf3 Bg7 5. Be2 Ne7 6. 0-0 d6 7. Qe1 Nd7 8. c3 b6 9. Be3 Bb7 10. Na3 a6 11. Nc2 d5 12. Nd2 0-0 13. Bf3 Rc8 14. Rc1 c4 15. d4 b5 16. a3 a5 17. Bf2 Nb6 18. e5 Na4 19. Rb1 Nc6 20. Bh4 Qd7 21. Bg4 Ne7 22. Nf3 h6 23. Bf6 Nf5 24. Bh3 Nb6 25. g4 Bxf6 26. exf6 Nd6 27. Ne5 Qd8 28. g5 h5 29. Ne3 Nd7 30. Qh4 Nxe5 31. fxe5 Ne4 32. Rbd1 b4 33. Ng4 bxa3 34. Nh6+ Kh7 35. Bg4 axb2 36. Bxh5 Nxc3 37. Bg4 Rh8 38. Nxf7+ Kg8 39. Qxh8+ Kxf7 40. Qg7+ Ke8 41. Bxe6 1-0

[Event "London Classic CSC U120 op 7th"]
[Site "London"]
[Date "2015.12.05"]
[Round "3"]
[White "Upton, We Bill"]
[Black "Jaufarally, Nadia"]
[Result "1-0"]
[WhiteElo "1503"]
[BlackElo "1472"]
[PlyCount "83"]
[EventDate "2015.12.04"]
[EventType "swiss"]
[EventRounds "5"]
[EventCountry "ENG"]
[SourceTitle "CBM 169 Extra"]
[Source "ChessBase"]
[SourceDate "2015.12.18"]
[SourceVersion "1"]
[SourceVersionDate "2015.12.18"]
[SourceQuality "1"]

1. e4 c5 2. Nc3 Nc6 3. Bc4 g6 4. f4 Bg7 5. Nf3 e6 6. 0-0 Nge7 7. d3 0-0 8. a3 d6 9. Qe1 Na5 10. Ba2 b6 11. Rb1 Nac6 12. Qh4 Nd4 13. Nxd4 Bxd4+ 14. Kh1 Nc6 15. Qh3 Bg7 16. Ne2 Nd4 17. Nxd4 Bxd4 18. c3 Bg7 19. Be3 Bb7 20. f5 exf5 21. exf5 Qd7 22. Bh6 Bxh6 23. Qxh6 gxf5 24. Qg5+ Kh8 25. Qf6+ Kg8 26. Rxf5 h6 27. Rf4 Qh3 28. Bxf7+ Kh7 29. Qg6+ Kh8 30. Rg4 Rxf7 31. Qxf7 Qxg4 32. Qxb7 Rg8 33. Qf3 Qe6 34. h3 Qe5 35. Rf1 Rg3 36. Qf8+ Kh7 37. Rf7+ Kg6 38. Rf4 Qe2 39. Qg8+ Kh5 40. Qxg3 Qd1+ 41. Kh2 b5 42. Rh4# 1-0